| 000 | 01038cam a2200289 i 4500 | ||
|---|---|---|---|
| 001 | 328738 | ||
| 003 | ARRUPE | ||
| 005 | 20220519113953.0 | ||
| 008 | 760720s1976 nyu b 001 0 eng | ||
| 010 | _a 75038098 | ||
| 020 |
_a0195020332 _c$4.50 |
||
| 040 |
_aDLC _cDLC _dDLC |
||
| 043 | _an-us--- | ||
| 050 | 0 | 0 |
_aE449.F653 _bR42 |
| 082 | 0 | 0 | _a331.1/1734/0973 |
| 245 | 0 | 0 |
_aReckoning with slavery : _ba critical study in the quantitative history of American Negro slavery / _cPaul A. David ... [et al.] ; with an introd. by Kenneth M. Stampp. |
| 260 |
_aNew York : _bOxford University Press, _c1976. |
||
| 300 |
_axvi, 398 p. ; _c21 cm. |
||
| 500 | _aIncludes index. | ||
| 504 | _aBibliography: p. [358]-382. | ||
| 600 | 1 | 0 |
_aFogel, Robert William. _tTime on the cross. _951671 |
| 650 | 0 |
_aSlavery _xEconomic aspects _zUnited States. _951672 |
|
| 650 | 0 |
_aSlavery _zUnited States _xEconometric models. _951673 |
|
| 700 | 1 |
_aDavid, Paul A. _951674 |
|
| 906 |
_a7 _bcbc _corignew _d2 _eocip _f19 _gy-gencatlg |
||
| 942 |
_2lcc _cMONOGRAPH |
||
| 999 |
_c131460 _d131460 |
||